| 000 | 00643nam a2200277Ia 4500 | ||
|---|---|---|---|
| 001 | Z_4370 | ||
| 003 | CHAP | ||
| 008 | 220113s1989 xx 000 0 und d | ||
| 010 | _a167440 | ||
| 040 | _cCHAP | ||
| 082 | _a633.2 I65 | ||
| 100 |
_aInternational Grassland Congress (16 : 1989 : Nice, France) _9141643 |
||
| 245 |
_aMemoria / _cby French Grassland Society |
||
| 260 |
_aNice, France : _bThe Society, _c1989 |
||
| 300 | _a3v. | ||
| 440 | _a | ||
| 500 | _a | ||
| 503 | _a | ||
| 650 |
_aPastizales _xCongresos _985930 |
||
| 901 | _a633.2 I65 | ||
| 902 | _aA | ||
| 910 | _a1989 | ||
| 942 | _c1 | ||
| 942 | _cc1 | ||
| 999 |
_c167440 _d167440 |
||